| 000 | 02608cam a2200457 i 4500 | ||
|---|---|---|---|
| 999 |
_c80400 _d80400 |
||
| 003 | BJBSDDR | ||
| 005 | 20230410130804.0 | ||
| 007 | ta | ||
| 008 | 130529s2013 enka b 001 0 eng | ||
| 020 | _a9780749466510 (pbk.) | ||
| 020 | _a0749466510 (pbk.) | ||
| 035 | _a17756352 | ||
| 040 |
_aDLC _beng _cDLC |
||
| 041 | _aspa | ||
| 042 | _apcc | ||
| 043 |
_ae-uk--- _an-us--- |
||
| 050 | 1 | 4 |
_aPN 5114 _bB864o 2013 |
| 082 | 0 | 0 |
_a070.50942 _223 |
| 100 | 1 |
_aBrock, George, _d1951- |
|
| 245 | 1 | 0 |
_aOut of print : _bjournalism and the business of news in the digital age / _cGeorge Brock. |
| 264 | 1 |
_aLondon ; _aPhiladelphia : _bKogan Page Limited, _c2013. |
|
| 300 |
_aix, 242 pages : _billustrations ; _c24 cm |
||
| 336 |
_atext _2rdacontent |
||
| 337 |
_aunmediated _2rdamedia |
||
| 338 |
_avolume _2rdacarrier |
||
| 520 |
_a" Traditional newspapers are under threat. The emergence of citizen journalism, collaborative news websites and freebie news-sheets -- coupled with a catastrophic drop in ad revenue -- has pushed many to the brink. Papers around the world are cutting copy, editions and staff, moving online or closing down. Out of Print explores how the collision of technology, economics and social forces has thrown news, newspapers and journalism into crisis. Covers key issues such as: the increased competition from expansive radio and 24 hour television news channels; the emergence of free "Metro" papers; the delivery of news services on billboards, podcasts and mobile; the development of online editions, as well as the burgeoning of blogs, citizen journalists and User Generated Content. Incisive and authoritative, Out of Print analyzes the role and influence of newspapers in the digital age and asks whether they can survive and, if so, how"-- _cProvided by publisher. |
||
| 650 | 0 |
_aNewspaper publishing _zGreat Britain _xFinance. |
|
| 650 | 0 |
_aNewspaper publishing _zUnited States _xFinance. |
|
| 650 | 0 |
_aNewspaper publishing _xEconomic aspects _zGreat Britain. |
|
| 650 | 0 |
_aNewspaper publishing _xEconomic aspects _zUnited States. |
|
| 650 | 0 |
_aOnline journalism _xEconomic aspects _zGreat Britain. |
|
| 650 | 0 |
_aOnline journalism _xEconomic aspects _zUnited States. |
|
| 650 | 0 |
_aPress _xEconomic aspects _zGreat Britain. |
|
| 650 | 0 |
_aPress _xEconomic aspects _zUnited States. |
|
| 650 | 0 |
_aDigital media _xEconomic aspects _zGreat Britain. |
|
| 650 | 0 |
_aDigital media _xEconomic aspects _zUnited States. |
|
| 650 | 4 |
_aPeriodismo _92359 _xAspectos económicos |
|
| 650 | 4 |
_aPrensa _94847 _xAspectos económicos |
|
| 650 | 4 |
_aMedios digitales _91642 |
|
| 942 |
_2lcc _cBK |
||